A historical commentary on St. Paul's epistle to the Galatians. (Record no. 5795)

000 -LEADER
fixed length control field 00627nam a2200181 a 4500
001 - CONTROL NUMBER
control field :::00003537$&:&@@
003 - CONTROL NUMBER IDENTIFIER
control field OkBaRHE
005 - DATE AND TIME OF LATEST TRANSACTION
control field 20000607103307.0
008 - FIXED-LENGTH DATA ELEMENTS--GENERAL INFORMATION
fixed length control field s1979 j 000 0 eng u
040 ## - CATALOGING SOURCE
Transcribing agency
100 1# - MAIN ENTRY--PERSONAL NAME
Personal name Ramsay, W. M. (William Mitchell), 1851-1939.
245 12 - TITLE STATEMENT
Title A historical commentary on St. Paul's epistle to the Galatians.
260 ## - PUBLICATION, DISTRIBUTION, ETC. (IMPRINT)
Place of publication, distribution, etc Grand Rapids, MI., :
Name of publisher, distributor, etc Baker Book House
Date of publication, distribution, etc 1979
300 ## - PHYSICAL DESCRIPTION
Extent xi, 478 p. ;
Dimensions 23 cm.
650 ## - SUBJECT ADDED ENTRY--TOPICAL TERM
Topical term or geographic name as entry element Bible New Testament Galatians
General subdivision Commentaries
942 ## - ADDED ENTRY ELEMENTS (KOHA)
Source of classification or shelving scheme
Koha item type Books
Copies
Date acquired Damaged status Copy number Permanent Location Price effective from Date last seen Source of classification or shelving scheme Lost status Shelving location Barcode Not for loan Withdrawn status Koha item type Full call number
2010-04-14 1RHEMA Bible Training College2010-04-142018-04-03  General Stacks3537  BooksBS 2685 .R3